Cultura general por letra - S - Estadísticas

Estadísticas generales
  • Esta prueba ha sido intentada 4.711 veces
    3.674 desde el último reinicio
  • La puntuación promedio es 13 de 20
Estadísticas de respuestas
Pista Respuesta % Correcto
Viaje para ver animales en África Safari
97%
Plataforma de música en streaming Spotify
90%
Instrumento de viento usado en el jazz Saxofón
89%
Filósofo griego famoso por hacer preguntas incómodas Sócrates
86%
País que regaló el mundo los relojes cucú, la fondue y la ginebra Suiza
84%
Pez famoso por nadar contra la corriente Salmón
77%
Final del campeonato de la NFL Super Bowl
77%
Dios que Goya pintó devorando a su hijo Saturno
65%
Juego de mesa que consiste en crear palabras usando fichas con letras Scrabble
64%
Movimiento artístico de Salvador Dalí, Joan Miró y quizá Frida Kahlo Surrealismo
64%
Cantante de «My Way» y «New York, New York» Sinatra
63%
Movimiento de la Tierra causado por placas tectónicas Sismo
63%
Estación del metro de Madrid donde se encuentra una famosa plaza Sol
62%
Escritor inglés de El Mercader de Venecia y Macbeth Shakespeare
61%
Ciudad de Massachusetts conocida por brujas Salem
54%
Ciudad rusa con el Museo del Hermitage San Petersburgo
52%
Perro de raza beagle creado por Schulz, su dueño es Charlie Brown Snoopy
41%
Prestamista avaro que fue visitado por tres espíritus en la víspera de la Noche Buena Scrooge
26%
Ciudad donde se desarrolla la serie The Office Scranton
23%
Famosa llanura en Tanzania, hogar de la gran migración de ñus Serengueti
21%
No se encontraron pruebas coincidentes
Distribución de puntuación
Porcentaje de gente con cada puntuación
Porcentaje por número respondido
Historial de tus puntuaciones
No has intentado esta prueba desde el último reinicio